| 000 | 00000nam##2200000za#4500 |
| 001 | 9.596066 |
| 003 | CaOODSP |
| 005 | 20210624203310 |
| 007 | cr ||||||||||| |
| 008 | 150406|2009||||xxc|||||o f|0| 0 fre|d |
| 020 | |a978-0-662-04495-6 |
| 040 | |aCaOODSP|bfre |
| 043 | |an-cn--- |
| 086 | 1 |aHS23-1/4-2008F-PDF |
| 110 | 1 |aCanada.|bRessources humaines et Développement des compétences Canada. |bProgramme du travail. |
| 245 | 10|aDroit de refuser d'exécuter un travail dangereux |h[ressource électronique] |
| 260 | |aOttawa - Ontario : |bRessources humaines et Développement des compétences Canada. |cc2009. |
| 300 | |a6p.|bfigure |
| 490 | 1 |aRenseignements sur la santé et la sécurité au travail |vN° 4 |
| 500 | |aLe n° de catalogue (HS23-1/4-2008) et l'ISBN (978-0-662-05868-7) de l'édition imprimée bilingue ont été incorrectement copiés dans la version PDF. |
| 590 | |a12-24-Supp|b2012-05-30 |
| 691 | 07|aRéglementation en matière de sécurité|2gcpds |
| 775 | 08|tRight to refuse dangerous work |w(CaOODSP)9.564290 |
| 776 | 0#|tRight to refuse dangerous work |w(CaOODSP)9.546178 |
| 776 | 0#|tDroit de refuser d'exécuter un travail dangereux |w(CaOODSP)9.546179 |
| 830 | #0|aRenseignements sur la santé et la sécurité au travail ;|vN° 4|w(CaOODSP)9.501396 |
| 856 | 40|ahttp://publications.gc.ca|qPDF|s71 Ko|uhttps://publications.gc.ca/collections/collection_2012/rhdcc-hrsdc/HS23-1-4-2008-fra.pdf|yN° 4 |
| 986 | |aLT-095-07-08 |